[Event "Niedersachsen-chT U16"]
[Site "Verden an der Aller"]
[Date "2008.05.03"]
[Round "4.2"]
[White "Orschulik, Nils"]
[Black "Althoff, Simon"]
[Result "1-0"]
[WhiteElo "1974"]
[BlackElo "1501"]
[PlyCount "37"]
[EventDate "2008.05.01"]
[EventType "team"]
[EventRounds "7"]
[EventCountry "GER"]
[SourceTitle "EXT 2009"]
[Source "ChessBase"]
[SourceDate "2008.11.26"]
[SourceVersion "1"]
[SourceVersionDate "2008.11.26"]
[SourceQuality "1"]

1. e4 e5 2. Bc4 Nf6 3. d3 c6 4. Nc3 d5 5. exd5 cxd5 6. Bb3 Be6 7. Bg5 Be7 8. Nf3 h6 9. Bh4 Nc6 10. 0-0 0-0 11. Re1 Qd6 12. Bg3 Bg4 13. d4 Bxf3 14. gxf3 Nd7 15. dxe5 Ndxe5 16. Bxd5 Qf6 17. Bxc6 Nxc6 18. Nd5 Qg5 19. h4 1-0

[Event "Niedersachsen-ch U16"]
[Site "Rotenburg"]
[Date "2008.03.18"]
[Round "5"]
[White "Althoff, Simon"]
[Black "Kleinschmidt, Annika"]
[Result "1-0"]
[WhiteElo "1442"]
[BlackElo "1498"]
[PlyCount "61"]
[EventDate "2008.03.15"]
[EventType "swiss"]
[EventRounds "9"]
[EventCountry "GER"]
[SourceTitle "EXT 2009"]
[Source "ChessBase"]
[SourceDate "2008.11.26"]
[SourceVersion "1"]
[SourceVersionDate "2008.11.26"]
[SourceQuality "1"]

1. e4 c5 2. c3 d5 3. exd5 Qxd5 4. d4 Nc6 5. Nf3 Bg4 6. Be2 e6 7. 0-0 Nf6 8. Be3 b6 9. h3 Bh5 10. Qa4 Be7 11. Bc4 Qd7 12. Nbd2 Bd6 13. Bb5 Rc8 14. dxc5 bxc5 15. b4 Bxf3 16. Nxf3 Ne4 17. Rac1 0-0 18. bxc5 Bxc5 19. Qxe4 Bxe3 20. Qxe3 Qb7 21. Qe2 Qb6 22. Rb1 Qc5 23. Rfc1 Ne7 24. c4 Rfd8 25. Rd1 Qa3 26. Rxd8+ Rxd8 27. Rd1 Rc8 28. Qd3 Qa5 29. Qd7 Qc7 30. Qxc7 Rxc7 31. Rd8# 1-0

[Event "Hannover-ch U16"]
[Site "Bueckeburg"]
[Date "2007.11.03"]
[Round "6"]
[White "Danitz, Bastian Felix"]
[Black "Althoff, Simon"]
[Result "0-1"]
[WhiteElo "1544"]
[BlackElo "1353"]
[PlyCount "50"]
[EventDate "2007.11.01"]
[EventType "swiss"]
[EventRounds "7"]
[EventCountry "GER"]
[SourceTitle "EXT 2021"]
[Source "ChessBase"]
[SourceDate "2020.10.23"]
[SourceVersion "1"]
[SourceVersionDate "2020.10.23"]
[SourceQuality "1"]

1. c4 e5 2. Nc3 Nc6 3. g3 Nf6 4. Bg2 Bc5 5. e3 0-0 6. Nge2 Re8 7. 0-0 d6 8. d4 exd4 9. exd4 Bb6 10. Bg5 Bg4 11. Re1 Nxd4 12. Bxb7 Nf3+ 13. Bxf3 Bxf3 14. Qd3 Bb7 15. Nd4 Rxe1+ 16. Rxe1 h6 17. Bf4 Qd7 18. Nf3 Qc6 19. Nd5 Nxd5 20. cxd5 Qxd5 21. Qxd5 Bxd5 22. Nd2 Kf8 23. b3 Re8 24. Rc1 Re2 25. Rf1 g5 0-1

[Event "Hannover-ch U16"]
[Site "Lehrte"]
[Date "2006.10.16"]
[Round "6"]
[White "Tenninger, Marc"]
[Black "Althoff, Simon"]
[Result "1-0"]
[WhiteElo "1552"]
[BlackElo "1157"]
[PlyCount "71"]
[EventDate "2006.10.14"]
[EventType "swiss"]
[EventRounds "7"]
[EventCountry "GER"]
[SourceTitle "EXT 2021"]
[Source "ChessBase"]
[SourceDate "2020.10.23"]
[SourceVersion "1"]
[SourceVersionDate "2020.10.23"]
[SourceQuality "1"]

1. d4 d5 2. c4 e6 3. e3 Nf6 4. Nf3 Be7 5. Nc3 0-0 6. Bd2 b6 7. Be2 Bb7 8. 0-0 c5 9. Rc1 Nbd7 10. cxd5 exd5 11. Qb3 Qc7 12. Na4 Rac8 13. dxc5 bxc5 14. Qd1 a6 15. Rc2 Qc6 16. b3 Rc7 17. Qc1 Rfc8 18. Ba5 Qe6 19. Bxc7 Rxc7 20. Rd1 Bc6 21. Nb2 a5 22. h3 h6 23. Nh2 Qe5 24. Ng4 Nxg4 25. Bxg4 Nf6 26. Bf3 Bd7 27. Nd3 Qd6 28. Nf4 Be6 29. Nxe6 Qxe6 30. Rcd2 Rd7 31. Qc3 c4 32. Qxa5 cxb3 33. axb3 Bd8 34. Qa8 Kh7 35. Bxd5 Qb6 36. Be4+ 1-0

[Event "Niedersachsen-chT U14"]
[Site "Verden"]
[Date "2006.05.26"]
[Round "3.3"]
[White "Althoff, Simon"]
[Black "Papadopoulos, Stavros"]
[Result "1/2-1/2"]
[WhiteElo "1131"]
[BlackElo "1187"]
[PlyCount "61"]
[EventDate "2006.05.25"]
[EventType "team"]
[EventRounds "7"]
[EventCountry "GER"]
[SourceTitle "EXT 2007"]
[Source "ChessBase"]
[SourceDate "2006.11.23"]
[SourceVersion "1"]
[SourceVersionDate "2006.11.23"]
[SourceQuality "1"]

1. e4 e5 2. Nf3 Nc6 3. Bc4 Bc5 4. d3 d6 5. Ng5 Nh6 6. h3 Qf6 7. 0-0 Be6 8. Nxe6 fxe6 9. Qh5+ Nf7 10. Qg4 Nd4 11. Qd1 Qg6 12. c3 Nc6 13. b4 Bb6 14. Na3 Rd8 15. Qf3 0-0 16. Nc2 Ng5 17. Qg4 h6 18. Bxg5 Qxg5 19. Qxg5 hxg5 20. Bxe6+ Kh8 21. Bd5 Rf6 22. Ne3 Rdf8 23. Nf5 g6 24. Ne3 Rf4 25. Ng4 a6 26. a4 Nb8 27. b5 axb5 28. axb5 c6 29. bxc6 bxc6 30. Bc4 Nd7 31. Ra2 1/2-1/2

[Event "Niedersachsen-chT U14"]
[Site "Verden"]
[Date "2006.05.26"]
[Round "4.3"]
[White "Matthes, Henning"]
[Black "Althoff, Simon"]
[Result "1/2-1/2"]
[WhiteElo "1094"]
[BlackElo "1131"]
[PlyCount "64"]
[EventDate "2006.05.25"]
[EventType "team"]
[EventRounds "7"]
[EventCountry "GER"]
[SourceTitle "EXT 2007"]
[Source "ChessBase"]
[SourceDate "2006.11.23"]
[SourceVersion "1"]
[SourceVersionDate "2006.11.23"]
[SourceQuality "1"]

1. e4 e5 2. Nf3 Nc6 3. Bb5 Bc5 4. Nc3 Nf6 5. 0-0 d6 6. d3 0-0 7. Bg5 a6 8. Bc4 Be6 9. Nd5 Bxd5 10. Bxd5 h6 11. Bh4 g5 12. Bg3 Nxd5 13. exd5 Ne7 14. c4 Ng6 15. a3 a5 16. Qd2 g4 17. Ne1 Kg7 18. Nc2 f5 19. d4 exd4 20. Nxd4 Bxd4 21. Qxd4+ Qf6 22. Qxf6+ Rxf6 23. f3 gxf3 24. Rxf3 f4 25. Bf2 Ne5 26. Bd4 Nxf3+ 27. gxf3 Re8 28. Bxf6+ Kxf6 29. Kf2 Re7 30. b4 b6 31. bxa5 bxa5 32. Rb1 Re3 1/2-1/2